| 000 | 00352nam a22001457a 4500 | ||
|---|---|---|---|
| 020 | _a0275057402 | ||
| 082 | _a332.673096THO | ||
| 100 | _aTHOMAS BABATUNDE, D. | ||
| 245 | _aIMPORTING TECHNOLOGY INTO AFRICA | ||
| 260 |
_aNEW YORK _bPRAEGER _c1976 |
||
| 300 |
_aXV,202P. _bILL.:25CM. |
||
| 500 | _aINCLUDES INDEX | ||
| 650 | _aTECHNOLOGY | ||
| 942 | _cBK | ||
| 999 |
_c15610 _d15610 |
||